[Event "EU-chT Seniors 04th"]
[Site "Dresden"]
[Date "2002.02.27"]
[Round "3.1"]
[White "Just, Joachim"]
[Black "Wunderer, Eckart"]
[Result "0-1"]
[WhiteElo "2198"]
[BlackElo "2190"]
[EventDate "2002.02.25"]
[PlyCount "114"]

1.Nf3 d6 2.d4 Nf6 3.g3 g6 4.Bg2 Bg7 5.O-O O-O 6.c4 Nbd7 7.Nc3 e5 8.e4 Qe7 
9.Re1 Re8 10.h3 b6 11.Be3 Bb7 12.d5 a5 13.Qd2 Nc5 14.Bh6 Ba6 15.Bf1 Bc8 
16.Rad1 Bd7 17.Bxg7 Kxg7 18.Qc2 Nh5 19.Bg2 Rf8 20.Nd2 f5 21.Nf1 f4 22.Kh2 
Qg5 23.Qe2 fxg3+ 24.fxg3 Rxf1 25.Bxf1 Qxg3+ 26.Kh1 Bxh3 27.Qe3 Bxf1 28.
Qxg3 Nxg3+ 29.Kh2 Bxc4 30.Kxg3 Nd3 31.Re2 Nf4 32.Rf2 Rf8 33.Kh2 h5 34.Rg1 
Kh6 35.b3 Ba6 36.Nd1 Bc8 37.Ne3 g5 38.Rc1 Rf7 39.Rfc2 c5 40.dxc6 g4 41.c7 
Nd3 42.Rd1 Nc5 43.Rxd6+ Kg5 44.Nd5 Nxe4 45.Rd8 g3+ 46.Kg1 Bh3 47.Rg8+ Kh4 
48.Ne3 Be6 49.Rc4 Kh3 50.Rxe4 Rxc7 51.Nf1 Bxg8 52.Re3 h4 53.Rxe5 Rc2 54.
Ne3 Rxa2 55.Re4 Ra1+ 56.Nf1 Bd5 57.Rxh4+ Kxh4 0-1

[Event "EU-chT Seniors 04th"]
[Site "Dresden"]
[Date "2002.02.27"]
[Round "3.1"]
[White "Littlewood, John Eric"]
[Black "Weber, Bernd"]
[Result "1-0"]
[WhiteElo "2305"]
[BlackElo "2119"]
[EventDate "2002.02.25"]
[PlyCount "37"]

1.e4 e5 2.Nf3 Nc6 3.Bb5 a6 4.Ba4 d6 5.c3 Bg4 6.h3 Bd7 7.d4 Nge7 8.Bb3 h6 
9.Nbd2 Ng6 10.Nc4 Be7 11.g3 Bg5 12.dxe5 dxe5 13.Bxg5 hxg5 14.Ne3 g4 15.Qd5
Qf6 16.Ng5 Qxg5 17.Qxf7+ Kd8 18.O-O-O Nf8 $2 
    ( 18...Nb8 19.hxg4 Rf8 
        ( 19...Rxh1 20.Qg8+ Ke7 21.Qxg7+ Kd8 22.Qg8+ Ke7 23.Rxh1 )
    20.Qxg7 )
19.hxg4 1-0

[Event "EU-chT Seniors 04th"]
[Site "Dresden"]
[Date "2002.02.27"]
[Round "3.1"]
[White "Rosen, Willy"]
[Black "Vasiukov, Evgeni"]
[Result "0-1"]
[WhiteElo "2345"]
[BlackElo "2524"]
[EventDate "2002.02.25"]
[PlyCount "66"]

1.e4 c5 2.Nf3 Nc6 3.d4 cxd4 4.Nxd4 Nf6 5.Nc3 d6 6.Be2 g6 7.Be3 Bg7 8.O-O 
O-O 9.Nb3 Be6 10.f4 Qc8 11.h3 Rd8 12.Qe1 d5 13.e5 d4 14.exf6 Bxf6 15.Ne4 
dxe3 16.Nxf6+ exf6 17.Bd3 Bxb3 18.axb3 Nd4 19.Qxe3 Nxc2 20.Bxc2 Qxc2 21.
Rf2 Rd3 22.Qe7 Qc6 23.b4 Rd5 24.Re1 Rc8 25.f5 g5 26.h4 h6 27.hxg5 hxg5 28.
Re3 Rd7 29.Qe4 Qb6 30.Kh2 Rd4 31.Qe7 Rh4+ 32.Kg1 Rxb4 33.g3 Rxb2 0-1

[Event "EU-chT Seniors 04th"]
[Site "Dresden"]
[Date "2002.02.27"]
[Round "3.1"]
[White "Schmidt, Gerhard"]
[Black "Eskandary, Jahja"]
[Result "0-1"]
[WhiteElo "2219"]
[BlackElo "2127"]
[EventDate "2002.02.25"]
[PlyCount "73"]

1.d4 d6 2.Nf3 Nd7 3.c4 e5 4.Nc3 c6 5.e3 Ne7 6.dxe5 dxe5 7.Ne4 Nf5 8.Bd2 
Qc7 9.Bc3 f6 10.Qc2 Nd6 11.Nxd6+ Bxd6 12.Bd3 g6 13.h4 Nc5 14.h5 Nxd3+ 15.
Qxd3 g5 16.O-O-O Be7 17.Qe4 O-O 18.g4 a6 19.a3 b5 20.Nxe5 fxe5 21.Bxe5 Qb7
22.Bd6 Bxd6 23.Rxd6 Qf7 24.Qe5 Qg7 25.Qe4 Ra7 26.h6 Qe7 27.Qd4 Rd7 28.c5 
Rxd6 29.cxd6 Qf6 30.Qc5 Rd8 31.Rh5 Rxd6 32.Rxg5+ Kf8 33.Rh5 Bxg4 34.Rg5 
Bd7 35.f4 Qxh6 36.Rg1 Kf7 37.Qe5 0-1

[Event "EU-chT Seniors 04th"]
[Site "Dresden"]
[Date "2002.02.27"]
[Round "3.1"]
[White "Stavenhagen, Johannes"]
[Black "Walke, Guenter"]
[Result "0-1"]
[WhiteElo "1849"]
[BlackElo "1773"]
[EventDate "2002.02.25"]
[PlyCount "39"]

1.d4 d5 2.c4 e6 3.Nc3 c6 4.e3 Bd6 5.Nf3 f5 6.cxd5 exd5 7.Bd3 Nf6 8.Qc2 Ne4
9.Qb3 Nd7 10.h4 Qe7 11.Bd2 Ndf6 12.Ng5 Nxd2 13.Kxd2 h6 14.Nf3 O-O 15.Raf1 
Ne4+ 16.Kc2 a5 17.a4 Be6 18.Kb1 Kf7 19.h5 Bb4 20.Ne5+ 0-1

[Event "EU-chT Seniors 04th"]
[Site "Dresden"]
[Date "2002.02.27"]
[Round "3.1"]
[White "Uhlmann, Wolfgang"]
[Black "Turikov, Viktor"]
[Result "1/2-1/2"]
[WhiteElo "2458"]
[BlackElo "2351"]
[EventDate "2002.02.25"]
[PlyCount "48"]

1.c4 b6 2.Nc3 Bb7 3.e4 e6 4.Nf3 Nf6 5.Qe2 d6 6.g3 c5 7.Bg2 Nc6 8.d3 Be7 9.
O-O O-O 10.h3 Nd7 11.Be3 Bf6 12.Rad1 Nde5 13.Nh2 Nd4 14.Qd2 Nec6 15.f4 Qd7
16.g4 a6 17.g5 Bd8 18.Qf2 f5 19.gxf6 Bxf6 20.Ng4 b5 21.Nxf6+ Rxf6 22.Ne2 
e5 23.f5 Nxe2+ 24.Qxe2 Nd4 1/2-1/2

[Event "EU-chT Seniors 04th"]
[Site "Dresden"]
[Date "2002.02.27"]
[Round "3.1"]
[White "Zingler, Max"]
[Black "Neukirch, Detlef"]
[Result "1/2-1/2"]
[WhiteElo "2089"]
[BlackElo "2295"]
[EventDate "2002.02.25"]
[PlyCount "33"]

1.d4 Nf6 2.Nf3 e6 3.e3 b6 4.c4 Bb7 5.Bd3 d5 6.O-O Be7 7.b3 O-O 8.Nc3 c5 9.
Bb2 Nc6 10.Rc1 cxd4 11.exd4 Rc8 12.Qe2 
    ( 12.Re1 Nb4 13.Bf1 )
12...Nb4 13.Bb1 dxc4 14.bxc4 Bxf3 15.gxf3 Bd6 
    ( 15...Qxd4 16.Nd5 Qc5 17.Bd4 Qd6 )
16.Ne4 Nh5 $146 
    ( 16...Bf4 17.Rcd1 Nxe4 18.fxe4 Qh4 19.f3 Rxc4 20.Rf2 
        ( 20.a3 Nc6 21.Rf2 )
    20...Rfc8 )
17.Nxd6 
    ( 17.Nxd6 Qg5+ 18.Kh1 Nf4 19.Rg1 Qxg1+ 20.Rxg1 Nxe2 21.Rg4 Rcd8 22.c5 
    f5 $17 )
1/2-1/2

[Event "EU-chT Seniors 04th"]
[Site "Dresden"]
[Date "2002.02.27"]
[Round "3.2"]
[White "Chernikov, Oleg L"]
[Black "Nautsch, Werner"]
[Result "1/2-1/2"]
[WhiteElo "2460"]
[BlackElo "2264"]
[EventDate "2002.02.25"]
[PlyCount "159"]

1.d4 d6 2.e4 g6 3.g3 Bg7 4.Bg2 Nd7 5.Ne2 c5 6.c3 Rb8 7.a4 b6 8.Na3 Ngf6 9.
b4 O-O 10.O-O Bb7 11.Qd3 Qc8 12.Be3 Rd8 13.Rab1 a6 14.Rfe1 Bc6 15.b5 axb5 
16.axb5 Bb7 17.h3 Ra8 18.Bc1 Ra5 19.d5 Ne5 20.Qc2 Qa8 21.f4 Ned7 22.Bb2 
Ne8 23.Ra1 Nc7 24.Nc4 Rxa1 25.Rxa1 Qb8 26.Qb3 Bf8 27.Ne3 e6 28.c4 Bg7 29.
h4 exd5 30.Bxg7 Kxg7 31.exd5 h5 32.Qc3+ f6 33.g4 hxg4 34.Nxg4 Rh8 35.Qg3 
f5 36.Ne3 Kf7 37.Nc1 Nf6 38.Nd3 Bc8 39.Nf2 Bd7 40.Nh3 Nce8 41.Ng5+ Kg7 42.
Ne6+ Kf7 43.Re1 Ng7 44.Ng5+ Kf8 45.Nf1 Ng4 46.Nh2 Qd8 47.Bh3 Qf6 48.Nxg4 
fxg4 49.Bxg4 Qd4+ 50.Kh1 Nf5 51.Bxf5 Bxf5 52.Ne6+ Bxe6 53.dxe6 Qf6 54.e7+ 
Ke8 55.Kg2 Rxh4 56.Qf3 d5 57.cxd5 Rxf4 58.d6 Qg5+ 59.Qg3 Qd5+ 60.Kh2 Qxd6 
61.Re3 Rh4+ 62.Kg2 Qxg3+ 63.Rxg3 Rb4 64.Rxg6 Rxb5 65.Re6 Rb2+ 66.Kf1 b5 
67.Rc6 c4 68.Rc7 Rb3 69.Ke2 c3 70.Kd3 b4 71.Kc2 Rb2+ 72.Kc1 Kf7 73.Rd7 Ke8
74.Rb7 Rg2 75.Rc7 Rg1+ 76.Kc2 Re1 77.Rc4 Re2+ 78.Kc1 Rb2 79.Rc7 Kf7 80.Rb7
1/2-1/2

[Event "EU-chT Seniors 04th"]
[Site "Dresden"]
[Date "2002.02.27"]
[Round "3.2"]
[White "Ehlert, Joachim"]
[Black "Mueller, Siegmar"]
[Result "1-0"]
[WhiteElo "1756"]
[BlackElo "1827"]
[EventDate "2002.02.25"]
[PlyCount "65"]

1.e4 b6 2.Nf3 Bb7 3.Nc3 e6 4.Be2 Bb4 5.d3 d5 6.exd5 exd5 7.O-O Nf6 8.a3 
Bd6 9.Bg5 h6 10.Bh4 d4 11.Ne4 g5 12.Nxd6+ Qxd6 13.Bg3 Qc6 14.Ne1 Qc5 15.b4
Qc3 16.Bf3 Nc6 17.b5 Na5 18.Bxb7 Nxb7 19.Be5 O-O 20.Bxf6 Rae8 21.h4 Re6 
22.hxg5 hxg5 23.Bxg5 Qc5 24.Bd2 Kg7 25.Bb4 Qg5 26.Bxf8+ Kxf8 27.Qf3 Nd6 
28.g3 Nxb5 29.Kg2 Rf6 30.Qa8+ Kg7 31.Rh1 Rh6 32.Nf3 Qf6 33.Rxh6 1-0

[Event "EU-chT Seniors 04th"]
[Site "Dresden"]
[Date "2002.02.27"]
[Round "3.2"]
[White "Farrand, Julian"]
[Black "Andrich, Hans Ludwig"]
[Result "1-0"]
[WhiteElo "2096"]
[BlackElo "1692"]
[EventDate "2002.02.25"]
[PlyCount "50"]

1.d4 Nf6 2.Nc3 d6 3.e4 g6 4.Bc4 Bg7 5.Qe2 Nc6 6.e5 dxe5 7.dxe5 Ng4 8.e6 
Bxc3+ 9.bxc3 Nge5 10.exf7+ Nxf7 11.Bxf7+ Kxf7 12.Nf3 Qd6 13.O-O Kg7 14.c4 
Rf8 15.Bb2+ Kg8 16.Rad1 Qf4 17.Ne5 Nxe5 18.Bxe5 Qg4 19.f3 Qe6 20.Rfe1 c6 
21.Rd4 b5 22.Qd2 Rf5 23.Qh6 Qxe5 24.Rd8+ Kf7 25.Rxe5 Rxe5 1-0

[Event "EU-chT Seniors 04th"]
[Site "Dresden"]
[Date "2002.02.27"]
[Round "3.2"]
[White "Fischer, Ernst"]
[Black "Werchan, Hans"]
[Result "1/2-1/2"]
[WhiteElo "2155"]
[BlackElo "2139"]
[EventDate "2002.02.25"]
[PlyCount "47"]

1.e4 c5 2.Nf3 d6 3.d4 cxd4 4.Nxd4 Nf6 5.Nc3 a6 6.Bc4 e6 7.Bb3 b5 8.O-O Be7
9.Qf3 Bb7 10.Re1 Nc6 11.Nxc6 Bxc6 12.a3 Qc7 13.Qg3 O-O 14.Bh6 Ne8 15.Bf4 
Qb7 16.e5 dxe5 17.Bxe5 Bf6 18.Rad1 Bxe5 19.Rxe5 Nf6 20.Rg5 g6 21.Qe5 Qe7 
22.Qd6 Qxd6 23.Rxd6 Rac8 24.Rc5 1/2-1/2

[Event "EU-chT Seniors 04th"]
[Site "Dresden"]
[Date "2002.02.27"]
[Round "3.2"]
[White "Hoen, Ragnar Harald"]
[Black "Rahls, Peter"]
[Result "0-1"]
[WhiteElo "2311"]
[BlackElo "2254"]
[EventDate "2002.02.25"]
[PlyCount "140"]

1.e4 c5 2.Nf3 e6 3.d4 cxd4 4.Nxd4 Nf6 5.Bd3 Nc6 6.Nb3 d5 7.exd5 Nxd5 8.a3 
Qc7 9.O-O Bd6 10.h3 O-O 11.c4 Nf4 12.Bxf4 Bxf4 13.Nc3 Ne5 14.Nb5 Qe7 15.
Qe2 Nxd3 16.Qxd3 a6 17.Nc3 Rd8 18.Qe4 Qc7 19.Rad1 Bd7 20.Nd4 Bg5 21.c5 
Rac8 22.Qf3 Bf6 23.Ne4 Bxd4 24.Rxd4 Bc6 25.Rxd8+ Rxd8 26.Qe3 Qe5 27.Nc3 
Qf5 28.Re1 h6 29.Ne4 Bxe4 30.Qxe4 Rd1 31.Qe2 Rxe1+ 32.Qxe1 Qxc5 33.Qd2 Qc7
34.b4 Kf8 35.a4 Ke7 36.b5 axb5 37.Qb4+ Qd6 38.Qxb5 Qd5 39.Qb4+ Kf6 40.a5 
Kg6 41.Qb6 Qe4 42.g3 h5 43.a6 bxa6 44.Qxa6 h4 45.gxh4 Qxh4 46.Qd3+ Kh6 47.
Qd7 Qf4 48.Qe8 Kg6 49.Qc6 Qg5+ 50.Kf1 Qd5 51.Qc2+ f5 52.Kg1 Kg5 53.Qc3 Kg6
54.Qg3+ Kf7 55.Qc7+ Kf6 56.Qc3+ e5 57.Qb4 Qe6 58.Qh4+ Kf7 59.Qb4 e4 60.Qc5
Kg6 61.Qc7 Kh6 62.Qf4+ Kh5 63.Kh2 g5 64.Qb8 f4 65.Qh8+ Kg6 66.Qd4 e3 67.
fxe3 Qxe3 68.Qd6+ Kh5 69.Qd7 Qe2+ 70.Kg1 Kh4 0-1

[Event "EU-chT Seniors 04th"]
[Site "Dresden"]
[Date "2002.02.27"]
[Round "3.2"]
[White "Rudnik, Heinz"]
[Black "Lippitsch, Paul"]
[Result "1/2-1/2"]
[WhiteElo "2052"]
[BlackElo "1971"]
[EventDate "2002.02.25"]
[PlyCount "95"]

1.Nf3 Nf6 2.c4 e6 3.g3 b6 4.Bg2 Bb7 5.O-O d5 6.d4 Nbd7 7.Nc3 Be7 8.Ne5 c6 
9.b3 O-O 10.Bb2 Qc7 11.f4 Rad8 12.cxd5 Nxd5 13.Nxd5 cxd5 14.e3 Nf6 15.Rf2 
Rc8 16.Rc1 Qb8 17.Rfc2 Rxc2 18.Rxc2 Rc8 19.Qc1 Rxc2 20.Qxc2 Bd6 21.f5 Qc8 
22.Qxc8+ Bxc8 23.fxe6 Bxe6 24.Nd3 Kf8 25.Nf4 Ke7 26.h3 g5 27.Nxe6 Kxe6 28.
g4 Ne4 29.Bf1 f5 30.Ba6 f4 31.Bc8+ Kf6 32.exf4 Bxf4 33.Bf5 h6 34.Kg2 Nd6 
35.Bh7 Kg7 36.Bd3 Kf6 37.Kf3 Nc8 38.h4 Bd6 39.h5 Ne7 40.Ba6 Ke6 41.a4 Bb4 
42.Ke3 Nc6 43.Bc8+ Kd6 44.Kd3 Ne7 45.Ba6 Ng8 46.Bc1 Kd7 47.Ke3 Nf6 48.Be2 
1/2-1/2

[Event "EU-chT Seniors 04th"]
[Site "Dresden"]
[Date "2002.02.27"]
[Round "3.2"]
[White "Schwertel, Hans"]
[Black "Villing, Dieter"]
[Result "0-1"]
[WhiteElo "2073"]
[BlackElo "2231"]
[EventDate "2002.02.25"]
[PlyCount "70"]

1.d4 Nf6 2.Nf3 d6 3.g3 Nbd7 4.Bg2 e5 5.dxe5 dxe5 6.O-O Be7 7.Nc3 O-O 8.e4 
Re8 9.Qe2 Bc5 10.Be3 Qe7 11.Rad1 Nb6 12.a3 Bg4 13.h3 Bd7 14.Nd2 Rad8 15.
Nb3 Bxe3 16.Qxe3 Nc4 17.Qc1 Bc6 18.Nd2 Nxd2 19.Rxd2 Rxd2 20.Qxd2 Rd8 21.
Nd5 Bxd5 22.exd5 c6 23.c4 e4 24.Qd4 b6 25.Rc1 h6 26.b4 cxd5 27.cxd5 Rxd5 
28.Rc8+ Kh7 29.Qc4 Rd7 30.Qc2 g6 31.Rc4 e3 32.Qe2 exf2+ 33.Kxf2 Qd6 34.Bf3
Re7 35.Qc2 Qe5 0-1

[Event "EU-chT Seniors 04th"]
[Site "Dresden"]
[Date "2002.02.27"]
[Round "3.2"]
[White "Starck, Bodo"]
[Black "Opl, Klaus"]
[Result "0-1"]
[WhiteElo "2261"]
[BlackElo "2263"]
[EventDate "2002.02.25"]
[PlyCount "62"]

1.d4 d5 2.c4 c6 3.Nf3 Nf6 4.Nc3 e6 5.Bg5 h6 6.Bh4 dxc4 7.e4 g5 8.Bg3 b5 9.
Qc2 g4 10.Ne5 b4 11.Ne2 c3 12.bxc3 bxc3 13.Bh4 Be7 14.Rd1 Qa5 15.Nc4 Qb4 
16.Bxf6 Bxf6 17.Nxc3 O-O 18.Be2 Ba6 19.e5 Bg7 20.Rb1 Qe7 21.Nd6 c5 22.Qe4 
Bxe2 23.Nxe2 Nd7 24.f4 gxf3 25.gxf3 cxd4 26.Rg1 Kh8 27.f4 Qh4+ 28.Kd2 Rad8
29.Rg2 Nxe5 30.Qxd4 Rxd6 31.Qxd6 Nc4+ 0-1

[Event "EU-chT Seniors 04th"]
[Site "Dresden"]
[Date "2002.02.27"]
[Round "3.2"]
[White "Starke, Burkhard"]
[Black "Richardson, Keith B"]
[Result "1-0"]
[WhiteElo "2052"]
[BlackElo "2208"]
[EventDate "2002.02.25"]
[PlyCount "128"]

1.Nf3 g6 2.d4 Bg7 3.c4 Nf6 4.Nc3 O-O 5.e4 d6 6.h3 e5 7.dxe5 dxe5 8.Qxd8 
Rxd8 9.Bg5 Re8 10.O-O-O Na6 11.Be3 c6 12.g4 h5 13.g5 Nh7 14.Nd2 Nf8 15.f3 
Ne6 16.Nb3 Nac7 17.Rh2 Nf4 18.h4 Nce6 19.Nb1 Bf8 20.c5 Nc7 21.N1d2 Be6 22.
Nc4 Bxc4 23.Bxc4 Red8 24.Rhd2 Rxd2 25.Rxd2 Nce6 26.Rd7 b5 27.cxb6 axb6 28.
a3 b5 29.Bxe6 Nxe6 30.Ra7 Rd8 31.Kc2 c5 32.Rb7 c4 33.Nd2 Rd3 34.Bf2 Nf4 
35.Rxb5 c3 36.bxc3 Bxa3 37.Rb3 Bf8 38.c4 Rd8 39.c5 Rc8 40.Rc3 Ne2 41.Rc4 
f6 42.gxf6 Kf7 43.Nb3 Kxf6 44.Ra4 Be7 45.Ra6+ Kf7 46.Kd3 Nf4+ 47.Kc4 g5 
48.hxg5 Bxg5 49.Ra7+ Ke6 50.Rh7 Kf6 51.Bg3 Kg6 52.Ra7 h4 53.Bh2 Bf6 54.Nd4
Rd8 55.Nf5 Rd2 56.Bxf4 exf4 57.Rb7 h3 58.Rb1 h2 59.Rh1 Kf7 60.Nh6+ Ke6 61.
Ng4 Rc2+ 62.Kb5 Bd4 63.Rxh2 Rxc5+ 64.Kb4 Bg1 1-0

[Event "EU-chT Seniors 04th"]
[Site "Dresden"]
[Date "2002.02.27"]
[Round "3.2"]
[White "Vager, Boris"]
[Black "Baumgartner, Heinz"]
[Result "1/2-1/2"]
[WhiteElo "2309"]
[BlackElo "2337"]
[EventDate "2002.02.25"]
[PlyCount "110"]

1.d4 d5 2.Nf3 Nf6 3.Bf4 e6 4.e3 c5 5.c3 Nc6 6.Nbd2 Bd6 7.Bxd6 Qxd6 8.Bd3 
O-O 9.O-O e5 10.dxc5 Qxc5 11.e4 Bg4 12.h3 Bh5 13.Re1 Rad8 14.Qc2 Bxf3 15.
Nxf3 dxe4 16.Bxe4 Nxe4 17.Rxe4 f5 18.Re2 e4 19.Qb3+ Qd5 20.Nd2 Rf7 21.Qxd5
Rxd5 22.Nb3 Rfd7 23.Rf1 a5 24.c4 R5d6 25.f3 a4 26.Nc5 Nd4 27.Ree1 Rc7 28.
Nxa4 Rxc4 29.Nc3 exf3 30.gxf3 Rb6 31.Rf2 Rxb2 32.Re8+ Kf7 33.Rxb2 Kxe8 34.
Nb5 Ke7 35.Nxd4 Rxd4 36.Rxb7+ Kf6 37.Rb2 Ra4 38.Kg2 Kg5 39.Kg3 h5 40.Rc2 
g6 41.Rb2 f4+ 42.Kg2 Ra3 43.Rc2 Kf5 44.Rb2 g5 45.Rf2 g4 46.hxg4+ hxg4 47.
fxg4+ Kxg4 48.Kh2 Rh3+ 49.Kg2 f3+ 50.Kg1 Kg3 51.Rb2 Rh4 52.a3 Rc4 53.Rb1 
Rc2 54.Ra1 Rg2+ 55.Kh1 Rh2+ 1/2-1/2

[Event "EU-chT Seniors 04th"]
[Site "Dresden"]
[Date "2002.02.27"]
[Round "3.3"]
[White "Brameyer, Hermann"]
[Black "Kristiansen, Erling"]
[Result "1/2-1/2"]
[WhiteElo "2225"]
[BlackElo "2246"]
[EventDate "2002.02.25"]
[PlyCount "45"]

1.d4 Nf6 2.Nf3 e6 3.Bg5 c5 4.e3 Qa5+ 5.c3 Ne4 6.Bf4 d5 7.Bd3 f5 8.Ne5 Nf6 
9.Nd2 c4 10.Bc2 Nbd7 11.O-O Be7 12.f3 O-O 13.Nxd7 Nxd7 14.Qe2 Qb6 15.b3 
cxb3 16.Bxb3 Bd6 17.Bxd6 Qxd6 18.e4 Nb6 19.Rad1 Bd7 20.c4 dxc4 21.Nxc4 
Nxc4 22.Bxc4 fxe4 23.fxe4 1/2-1/2

[Event "EU-chT Seniors 04th"]
[Site "Dresden"]
[Date "2002.02.27"]
[Round "3.3"]
[White "Eis, Helko"]
[Black "Boeckenhaupt, Rudi"]
[Result "1-0"]
[WhiteElo "2108"]
[BlackElo "2170"]
[EventDate "2002.02.25"]
[PlyCount "120"]

1.d4 Nf6 2.c4 e6 3.Nf3 b6 4.e3 Bb7 5.Be2 Bb4+ 6.Nbd2 Ne4 7.O-O Nxd2 8.Bxd2
Bxd2 9.Qxd2 O-O 10.d5 d6 11.e4 e5 12.b4 Nd7 13.Bd3 a5 14.a3 axb4 15.axb4 
Qe7 16.Qc2 Rxa1 17.Rxa1 Ra8 18.Rxa8+ Bxa8 19.Qa4 Qd8 20.Nd2 Bb7 21.Nb3 Kf8
22.c5 dxc5 23.Bb5 Nf6 24.bxc5 bxc5 25.Nxc5 Qa8 26.Qb4 Kg8 27.Ba4 Bc8 28.h3
h6 29.Nd3 Nd7 30.Bxd7 Bxd7 31.Qe7 Qe8 32.Qxe8+ Bxe8 33.Nxe5 f6 34.Nd3 Bd7 
35.Nc5 Bc8 36.f3 Kf7 37.Kf2 Ke7 38.Ke3 Kd6 39.Kd4 c6 40.dxc6 Kxc6 41.f4 g6
42.Nd3 Kd6 43.g4 h5 44.gxh5 gxh5 45.f5 h4 46.Nf4 Ba6 47.Ke3 Bf1 48.Kf2 Bb5
49.Ng6 Bc6 50.Kf3 Bb7 51.Nxh4 Ke5 52.Ng6+ Kd4 53.h4 Bxe4+ 54.Kf4 Bd5 55.h5
Bg8 56.h6 Kc5 57.Nf8 Kd6 58.h7 Bxh7 59.Nxh7 Ke7 60.Ke4 Kf7 1-0

[Event "EU-chT Seniors 04th"]
[Site "Dresden"]
[Date "2002.02.27"]
[Round "3.3"]
[White "Krueger, Erich"]
[Black "Shabanov, Yuri"]
[Result "0-1"]
[WhiteElo "2215"]
[BlackElo "2463"]
[EventDate "2002.02.25"]
[PlyCount "85"]

1.d4 d5 2.c4 c6 3.Nf3 Nf6 4.Nc3 e6 5.e3 Nbd7 6.Bd3 dxc4 7.Bxc4 b5 8.Bd3 a6
9.e4 c5 10.d5 e5 11.b3 c4 12.bxc4 Bb4 13.Bd2 bxc4 14.Bxc4 Qc7 15.Qb3 Bxc3 
16.Bxc3 Nxe4 17.Bb4 Rb8 18.d6 Nxd6 19.Bxd6 Qxd6 20.Bxf7+ Ke7 21.Qd5 Qb4+ 
22.Nd2 Nf6 23.Qc4 Rd8 24.Qxb4+ Rxb4 25.Bb3 a5 26.Rc1 a4 27.Rc7+ Kd6 28.Rc4
Rxc4 29.Bxc4 Kc5 30.Ke2 Bf5 31.Rc1 Kb4 32.f3 Rc8 33.g4 Bg6 34.Kd1 e4 35.g5
e3 36.gxf6 gxf6 37.Ne4 Bxe4 38.fxe4 Rxc4 39.Rb1+ Ka3 40.Ke2 Rxe4 41.Rb7 
Rh4 42.Kxe3 Kxa2 43.Rb6 0-1

[Event "EU-chT Seniors 04th"]
[Site "Dresden"]
[Date "2002.02.27"]
[Round "3.3"]
[White "Morgner, Siegfried"]
[Black "Gradl, Rudolf"]
[Result "1/2-1/2"]
[WhiteElo "1730"]
[BlackElo "1710"]
[EventDate "2002.02.25"]
[PlyCount "44"]

1.Nf3 d5 2.d4 Nf6 3.c4 c6 4.Nc3 e6 5.e3 Be7 6.Bd3 O-O 7.O-O Nbd7 8.Qc2 Re8
9.Re1 Nf8 10.a3 dxc4 11.Bxc4 b5 12.Be2 Bb7 13.e4 a6 14.Bf4 Nh5 15.Be3 Nf6 
16.h3 Rc8 17.Rad1 Ng6 18.Nd2 Qc7 19.Nb3 Nd7 20.Bh5 c5 21.Bxg6 hxg6 22.dxc5
Nxc5 1/2-1/2

[Event "EU-chT Seniors 04th"]
[Site "Dresden"]
[Date "2002.02.27"]
[Round "3.3"]
[White "Netz, Siegfried"]
[Black "Schurig, Wilhelm"]
[Result "1-0"]
[WhiteElo "1936"]
[BlackElo "1959"]
[EventDate "2002.02.25"]
[PlyCount "106"]

1.d4 g6 2.c4 Bg7 3.Nc3 c5 4.e3 Na6 5.Nf3 Nf6 6.Be2 O-O 7.O-O d6 8.a3 Bd7 
9.b3 Rb8 10.Bb2 b6 11.Re1 Nc7 12.a4 Re8 13.d5 a6 14.Ra2 b5 15.axb5 axb5 
16.Qa1 Ra8 17.Bd3 Qb8 18.Rxa8 Qxa8 19.Qxa8 Rxa8 20.Ra1 Rxa1+ 21.Bxa1 bxc4 
22.bxc4 Na6 23.Na2 Ba4 24.Bc3 Nd7 25.Bxg7 Kxg7 26.Nc3 Bb3 27.Nd2 Nb4 28.
Bxg6 hxg6 29.Nxb3 Nd3 30.Na5 Nb2 31.Ne4 Nb6 32.Nd2 e6 33.e4 exd5 34.exd5 
g5 35.Kf1 Kf6 36.Ne4+ Ke5 37.Nxg5 N2xc4 38.Nxc4+ Nxc4 39.Nxf7+ Kxd5 40.h4 
Ke6 41.Ng5+ Kf5 42.Ke2 Ne5 43.f3 d5 44.g4+ Kf6 45.Nh3 d4 46.Nf2 c4 47.Ne4+
Ke6 48.h5 c3 49.Nf2 c2 50.Kd2 d3 51.f4 Nc4+ 52.Kc1 Kd5 53.Nxd3 Ke4 1-0

[Event "EU-chT Seniors 04th"]
[Site "Dresden"]
[Date "2002.02.27"]
[Round "3.3"]
[White "Niedermayr, Horst"]
[Black "Golcman, Evgeny"]
[Result "1/2-1/2"]
[WhiteElo "2172"]
[BlackElo "2225"]
[EventDate "2002.02.25"]
[PlyCount "66"]

1.e4 d6 2.d4 Nf6 3.Nc3 g6 4.Be2 Bg7 5.h4 e5 6.Be3 exd4 7.Qxd4 O-O 8.Qd2 
Re8 9.f3 c6 10.O-O-O b5 11.Qxd6 Qa5 12.a3 Be6 13.Qb4 Qxb4 14.axb4 Na6 15.
Nh3 Nxb4 16.Nf4 Bc8 17.g4 Nd7 18.Bd4 Ne5 19.Kb1 Bb7 20.Be3 a5 21.Na2 Bf8 
22.Rd2 Na6 23.g5 a4 24.Bd4 Nc7 25.Bxe5 Rxe5 26.Rd7 Re7 27.Rhd1 Rae8 28.Nc1
Bg7 29.Rxe7 Rxe7 30.Rd8+ Bf8 31.Ncd3 Re8 32.Rd7 Re7 33.Rd8 Re8 1/2-1/2

[Event "EU-chT Seniors 04th"]
[Site "Dresden"]
[Date "2002.02.27"]
[Round "3.3"]
[White "Petzold, Hans"]
[Black "Meier, Wolfgang"]
[Result "1/2-1/2"]
[WhiteElo "1898"]
[BlackElo "2102"]
[EventDate "2002.02.25"]
[PlyCount "105"]

1.e4 c5 2.Nc3 Nc6 3.g3 g6 4.Bg2 Bg7 5.d3 d6 6.f4 e6 7.Nf3 Nge7 8.O-O Nd4 
9.Ne2 Nec6 10.c3 Nxf3+ 11.Bxf3 Bd7 12.Be3 Qe7 13.Qd2 O-O 14.Rae1 e5 15.f5 
f6 16.g4 g5 17.Ng3 Be8 18.Bd1 h6 19.Bb3+ Bf7 20.Bd5 Qc7 21.h4 Ne7 22.Bxf7+
Rxf7 23.hxg5 hxg5 24.c4 Kf8 25.Nh5 Bh6 26.Rf2 Ng8 27.Rh2 Rd8 28.b4 Rdd7 
29.Rb1 Rh7 30.Kg2 Ke8 31.Kg3 Bf8 32.b5 Be7 33.Qc3 Bd8 34.Bd2 Rdf7 35.Rbh1 
Qe7 36.Qa3 Bb6 37.Qc3 Kd8 38.Rb1 Kc8 39.Rbh1 Kb8 40.Qc1 Bd8 41.Kf3 Qc7 42.
Rh3 Rh6 43.R1h2 Rfh7 44.Qh1 Rh8 45.Qd1 Qf7 46.Qh1 Qc7 47.Bc3 Qf7 48.Kg3 
Kc8 49.Rb2 Kb8 50.Rhh2 R6h7 51.Kf3 Bb6 52.Ng3 Rh6 53.Rh5 1/2-1/2

[Event "EU-chT Seniors 04th"]
[Site "Dresden"]
[Date "2002.02.27"]
[Round "3.3"]
[White "Petzold, Rolf"]
[Black "Neudel, Bernd"]
[Result "1/2-1/2"]
[WhiteElo "1640"]
[BlackElo "1767"]
[EventDate "2002.02.25"]
[PlyCount "45"]

1.d4 d5 2.c4 e6 3.Nc3 c6 4.Nf3 Nf6 5.Bf4 Nbd7 6.e3 Be7 7.Bd3 O-O 8.h3 dxc4
9.Bxc4 Nd5 10.Bg3 Bb4 11.Qd3 N7f6 12.O-O Bd6 13.Bxd6 Qxd6 14.a3 Nxc3 15.
Qxc3 Nd5 16.Qc2 Bd7 17.Rfd1 a5 18.Rac1 Qe7 19.Ne5 Be8 20.Ba2 f6 21.Bb1 g6 
22.Nd3 Bf7 23.Qe2 1/2-1/2

[Event "EU-chT Seniors 04th"]
[Site "Dresden"]
[Date "2002.02.27"]
[Round "3.3"]
[White "Pietruske, Siegfried"]
[Black "Harzer, Paul"]
[Result "1/2-1/2"]
[WhiteElo "1949"]
[BlackElo "2015"]
[EventDate "2002.02.25"]
[PlyCount "24"]

1.e4 d5 2.exd5 Nf6 3.Nc3 Nxd5 4.Nxd5 Qxd5 5.Qf3 Qxf3 6.Nxf3 Bf5 7.c3 e6 8.
d4 Nd7 9.Bf4 c6 10.O-O-O Be7 11.h3 h6 12.Bd3 Bxd3 1/2-1/2

[Event "EU-chT Seniors 04th"]
[Site "Dresden"]
[Date "2002.02.27"]
[Round "3.3"]
[White "Wade, Robert Graham"]
[Black "Beckel, Friedrich"]
[Result "1/2-1/2"]
[WhiteElo "2224"]
[BlackElo "2031"]
[EventDate "2002.02.25"]
[PlyCount "80"]

1.d4 Nf6 2.Nc3 d5 3.Bg5 g6 4.e3 Bg7 5.Nf3 O-O 6.Ne5 b6 7.f4 Bb7 8.Be2 Ne4 
9.Nxe4 dxe4 10.Bh4 f6 11.Nc4 Qd5 12.O-O c5 13.c3 e6 14.dxc5 Qxc5 15.Qd6 
Qc8 16.Qd2 Rd8 17.Qc2 Qc6 18.Rfd1 Na6 19.Rxd8+ Rxd8 20.Rd1 Rd5 21.Rd4 Nc5 
22.Qd2 Nd3 23.b3 f5 24.Rxd5 exd5 25.Ne5 Nxe5 26.fxe5 Bxe5 27.c4 d4 28.exd4
e3 29.d5 exd2 30.dxc6 Bxc6 31.Bf2 f4 32.a4 Be4 33.Bd1 Kf7 34.a5 Bc7 35.Bd4
bxa5 36.Bxa7 Ke6 37.Kf2 Ke5 38.g3 Bd3 39.gxf4+ Kxf4 40.Be3+ Kf5 1/2-1/2

[Event "EU-chT Seniors 04th"]
[Site "Dresden"]
[Date "2002.02.27"]
[Round "3.3"]
[White "Weise, Wolfgang"]
[Black "Landgraf, Siegfried"]
[Result "1/2-1/2"]
[WhiteElo "2198"]
[BlackElo "2074"]
[EventDate "2002.02.25"]
[PlyCount "92"]

1.d4 g6 2.Nf3 Bg7 3.g3 d6 4.Bg2 Nd7 5.O-O e5 6.dxe5 dxe5 7.e4 Ngf6 8.Re1 
O-O 9.Nbd2 Qe7 10.Nc4 Rd8 11.Qe2 Ne8 12.b3 b6 13.Ba3 c5 14.Bb2 Ba6 15.Rad1
Nc7 16.Nfd2 Ne6 17.c3 Ndf8 18.Nf1 Rxd1 19.Rxd1 Rd8 20.Nfe3 Rxd1+ 21.Qxd1 
Qd7 22.Nd5 Bxc4 23.bxc4 Nc7 24.Bf1 Ne8 25.Bc1 Nd6 26.f3 f6 27.h4 Nb7 28.
Kh2 Na5 29.Be3 Kf7 30.f4 exf4 31.gxf4 Qe6 32.Qd3 Qg4 33.Bf2 Qd7 34.Qc2 Bh6
35.Bg3 Ne6 36.Qe2 Ng7 37.Bh3 Qa4 38.e5 f5 39.Bf1 Ne6 40.h5 Qd7 41.hxg6+ 
hxg6 42.Qf3 Qa4 43.Qg2 Qc6 44.Qh3 Bg7 45.Qh4 Qe8 46.Kg1 Nc6 1/2-1/2

[Event "EU-chT Seniors 04th"]
[Site "Dresden"]
[Date "2002.02.27"]
[Round "3.4"]
[White "Bebchuk, Evgeni"]
[Black "Neese, Hans Joachim"]
[Result "1-0"]
[WhiteElo "2333"]
[BlackElo "2136"]
[EventDate "2002.02.25"]
[PlyCount "75"]

1.e4 c5 2.Nf3 d6 3.d4 cxd4 4.Nxd4 Nf6 5.f3 e5 6.Bb5+ Nbd7 7.Nf5 Qc7 8.Bg5 
a6 9.Bxf6 gxf6 10.Ba4 b5 11.Bb3 Nb6 12.Nc3 Be6 13.Ne3 Qc5 14.Ned5 Be7 15.
Nxb6 Qxb6 16.Qd3 Rc8 17.O-O-O Rc5 18.Kb1 a5 19.a4 b4 20.Nd5 Qc6 21.Ne3 h5 
22.g3 Bf8 23.Rhe1 Ke7 24.f4 Bh6 25.Nf5+ Bxf5 26.exf5 Rd8 27.fxe5 Rxe5 28.
Rxe5+ fxe5 29.f6+ Kd7 30.Qf5+ Kc7 31.Qxh5 Be3 32.Qxf7+ Kb6 33.Rd5 Bc5 34.
h4 Qc8 35.Qe7 Re8 36.Rxd6+ Bxd6 37.Qxd6+ Qc6 38.f7 1-0